Toni Kroos - Titel - Statistiken

Allgemein
  • Dieses Quiz wurde 269 mal gespielt
  • Das Durchschnittsergebnis liegt bei 6 aus 10
Antwortstatistiken
Wie oft? Internationaler o. nationaler Titel? Wettbewerb % Korrekt
6 International Champions League
94%
1 International Weltmeisterschaft
94%
3 National Bundesliga
85%
4 National LaLiga
85%
3 National DFB-Pokal
83%
1 National Copa del Rey
70%
5 International UEFA-Supercup
70%
6 International FIFA-Klub-Weltmeisterschaft
42%
1 National DFL-Supercup
19%
4 National Supercopa de España
7%
Keine übereinstimmenden Quizze gefunden
Verteilung der Resultate
Anzahl Personen mit jedem Resultat
Perzentil nach korrekt beantworteten Fragen
Ihre Resultats-Entwicklung
Sie haben dieses Quiz noch nicht gespielt